000 00637nam a2200229Ia 4500
003 OSt
005 20220918202602.0
006 a|||||r|||| 00| 0
007 ta
008 220917b |||||||| |||| 00| 0 eng d
024 _a102,343
037 _cTextual
040 _aARTS
_cARTS
_beng
041 _2eng
_aeng
082 _aV236M43,1, B2-;2
100 _aBell Thomas Evans
_9104459
245 0 _aAnnexation of the Punjab and the Maharaja Duleep Singh
260 _aLahore
_bAl-Biruni
_c1975
650 _aHISTORY
942 _hV236M43,1, B2-;2
_cTEXL
_2CC
999 _c225797
_d225797